Most Watched Short Sporting Events in the World - Statistics

General Stats
  • This quiz has been taken 30 times
  • The average score is 6 of 12
Answer Stats
Viewers Sport Event % Correct
124 million American Football Super Bowl
88%
12.4 million Basketball NBA Finals Last Game
77%
450 million Football (Soccer) UEFA Champions League Final
73%
11 million Tennis Wimbledon Men’s Singles Final
69%
1.12 billion Football (Soccer) FIFA World Cup final
62%
5.3 million Car racing Indianapolis 500
50%
15 million Horse Racing Kentucky Derby
46%
12 million Golf The Masters Final Round
46%
350 million Cricket Cricket World Cup Final
35%
29.8 million Football (Soccer) UEFA Euros Final
31%
8.2 million Car Racing Daytona 500
19%
7.5 million Horse racing Grand National
8%
No matching quizzes found
Score Distribution
Percent of People with Each Score
Percentile by Number Answered
Your Score History
You have not taken this quiz